Central Library OPAC University of Rajshahi

নাট্য সাহিত্যের আলোচনা ও নাটক বিচার / (Record no. 53493)

MARC details
000 -LEADER
fixed length control field 01353nam a2200229 a 4500
001 - CONTROL NUMBER
control field 53493
003 - CONTROL NUMBER IDENTIFIER
rucl marc code BD-RjUL
005 - DATE AND TIME OF LATEST TRANSACTION
control field 20211209075954.0
008 - FIXED-LENGTH DATA ELEMENTS--GENERAL INFORMATION
fixed length control field 161016m19741969ii ||||| |||| 00| 0 eng d
035 ## - SYSTEM CONTROL NUMBER
System control number (BD-RjUL)53614
040 ## - CATALOGING SOURCE
Original cataloging agency BD-RjUL
Language of cataloging ben
Transcribing agency BD-RjUL
Modifying agency BD-RjUL
041 ## - LANGUAGE CODE
Language code of text/sound track or separate title ben
082 ## - DEWEY DECIMAL CLASSIFICATION NUMBER
Edition number 23
Classification number 891.44209
Author mark and year BHN 1974
100 ## - MAIN ENTRY--PERSONAL NAME
Personal name ভট্টাচার্য্য, সাধন কুমার
9 (RLIN) 158444
245 10 - TITLE STATEMENT
Title নাট্য সাহিত্যের আলোচনা ও নাটক বিচার /
Statement of responsibility, etc. সাধন কুমার ভট্টাচার্য্য
260 ## - PUBLICATION, DISTRIBUTION, ETC. (IMPRINT)
Place of publication, distribution, etc. কলিকাতা :
Name of publisher, distributor, etc. জাতীয় সাহিত্য পরিষৎ,
Date of publication, distribution, etc. ১৯৬৯ (১৩৭৬).
300 ## - PHYSICAL DESCRIPTION
Pagination খন্ড. ;
Size ১৭ সেমি.
505 ## - FORMATTED CONTENTS NOTE
Formatted contents note খন্ড. ২. -- গিরিশ চন্দ্র ঘোষ : সিরাজদ্দৌলা ও বিল্বমঙ্গল দ্বিজেন্দ্রলাল রায় : সাজাহান ও চন্দ্রগুপ্ত যোর্গেশ চৌধুরী : দিগ্বিজয়ী খন্ড. ৩. --
650 ## - SUBJECT ADDED ENTRY--TOPICAL TERM
Topical term or geographic name as entry element বাংলা নাটক
Form subdivision ইতিহাস ও সমালোচনা
9 (RLIN) 123606
Topical term or geographic name as entry element Bengali drama
Form subdivision History and Criticism
9 (RLIN) 117436
942 ## - ADDED ENTRY ELEMENTS (KOHA)
Source of classification or shelving scheme Dewey Decimal Classification
Koha item type Books
Holdings
Lost status Source of classification or shelving scheme Damaged status Not for loan Collection code Permanent Location Current Location Shelving location Date acquired Source of acquisition Cost, normal purchase price Total Checkouts Full call number Date last seen Copy number Koha item type
  Dewey Decimal Classification     Non-fiction Central Library, University of Rajshahi Central Library, University of Rajshahi   23/04/1977 Boi ghor. 31.25   B 891.44209 BHN V-2 1969 16/10/2016 C-2 Books
  Dewey Decimal Classification     Non-fiction Central Library, University of Rajshahi Central Library, University of Rajshahi   23/04/1977 Boighor. 35.00   B 891.44209 BHN V-3 1974 17/10/2016 C-2 Books
  Dewey Decimal Classification     Non-fiction Central Library, University of Rajshahi Central Library, University of Rajshahi   23/04/1977 Boighor 35.00   B 891.44209 BHN V-3 1974 17/11/2016 C-3 Books